Instructions to applicants for departmental and Government printing services.

Bibliographic Details
Corporate Author: United States Civil Service Commission
Format: Government Document eBook
Language:English
Published: [Place of publication not identified] : U.S. Government Printing Office, 1896.
Subjects:
Online Access:Connect to the full text of this electronic document

MARC

Tag First Indicator Second Indicator Subfields
LEADER 00000cam a22000001a 4500
001 in00003660521
005 20190408172206.0
006 m o d f
007 cr bn mmmapmmp
008 011112s1896 dcua o f001 0 eng d
035 |a ebd1909405987 
040 |a UMI  |c UMI  |d UtOrBLW 
086 0 |a CS 1.8:896/3 
099 |a CS108-14 
245 0 0 |a Instructions to applicants for departmental and Government printing services. 
264 1 |a [Place of publication not identified] :  |b U.S. Government Printing Office,  |c 1896. 
300 |a 1 online resource (63 pages) :  |b illustrations 
336 |a text  |b txt  |2 rdacontent 
337 |a computer  |b c  |2 rdamedia 
338 |a online resource  |b cr  |2 rdacarrier 
500 |a [Including Railway Mail and Indian services, with regulations for marking; specimen examination questions; and data on examinations and appointments by sex, and minimum and maximum starting salaries, by position] 
500 |a Includes index. 
500 |a Record is based on bibliographic data in ProQuest U.S. Executive Branch Documents, 1789-1909. Reuse except for individual research requires license from ProQuest, LLC. 
533 |a Electronic reproduction.  |b [Bethesda, Md.] :  |c ProQuest,  |d 2012.  |e digital, PDF file.  |n ProQuest U.S. Executive Branch Documents, 1789-1909.  |n Mode of access: World Wide Web via ProQuest website. 
538 |a System requirements: PDF reader software. 
500 |a Electronic resource. 
650 0 |a Civil service.  |0 http://id.loc.gov/authorities/subjects/sh85026387 
655 7 |a Electronic books.  |2 local 
710 2 |a United States Civil Service Commission.  |0 http://id.loc.gov/authorities/names/n79045547 
776 1 8 |i Microfiche version:  |t Instructions to applicants for departmental and Government printing services  |o CIS US Exec MF CS108-14  |w (ProQuest)cis19044130 
856 4 0 |u http://proxy.library.tamu.edu/login?url=http://congressional.proquest.com/congressional/docview/t66.d71.cs108-14  |z Connect to the full text of this electronic document  |t 0 
999 f f |s 8271a6ac-c40e-307c-b56f-32bf125d0672  |i 87dddbda-5f66-30b2-9ee4-bcfacbfaca01  |t 0 
952 f f |a Texas A&M University  |b College Station  |c Electronic Resources  |d Available Online  |t 0  |h No information provided 
998 f f |t 0  |l Available Online